| 000 | 00606nam a2200205Ia 4500 | ||
|---|---|---|---|
| 003 | OSt | ||
| 005 | 20260406145544.0 | ||
| 008 | 210210b1999 xxu||||| |||| 00| 0 eng d | ||
| 020 | _a81 85827 77 X | ||
| 040 | _cAL | ||
| 041 | _aHindi | ||
| 082 | _aH491.802 AYYV | ||
| 100 |
_aVishwanath N E Ayyar _9210528 _dविश्वनाथ एन.ई. अय्यर |
||
| 245 |
_aVyavaharik anuvad: _bव्यावहारिक अनुवाद |
||
| 260 |
_aNayi Dilli _bPrathiba Prathistan _c1999 |
||
| 300 | _a8,285p. | ||
| 690 |
_aHindi Language _9210529 |
||
| 906 | _a055154 | ||
| 942 |
_2ddc _cBK |
||
| 999 |
_c102936 _d102936 |
||